| 000 | 00591nam a2200217 a 4500 | ||
|---|---|---|---|
| 001 | BRCA_2943 | ||
| 005 | 20190320204034.0 | ||
| 008 | 161208s1917----maua---###---#000-0#eng-u | ||
| 050 | 4 |
_aF1356 _b.B37 1917 |
|
| 100 | 1 |
_aBarron, Clarence W. _98186 |
|
| 245 | 1 | 0 |
_aThe Mexican problem _cby Clarence W. Barron. |
| 260 |
_aBoston _bHoughton Mifflin _c1917 |
||
| 300 |
_axxv, 136 p. _bil. _c19 cm. |
||
| 500 | _aB98 | ||
| 650 | 1 | 4 |
_aPetróleo _98187 |
| 650 | 1 | 4 |
_aPolítica y gobierno _98188 |
| 651 | 4 |
_aMéxico _98189 |
|
| 651 | 4 |
_aTamaulipas _xHistoria _98190 |
|
| 902 | _aGFM | ||
| 942 |
_2lcc _cB |
||
| 999 |
_c2682 _d2682 |
||